| 000 | 00723cam a22002291 4500 | ||
|---|---|---|---|
| 999 |
_c5639 _d5639 |
||
| 001 | 1228074 | ||
| 003 | GBCCL | ||
| 005 | 20241126110546.0 | ||
| 008 | 731207s1967 cauabc b 000 0 eng | ||
| 010 | _a 67029634 | ||
| 040 |
_aDLC _cDLC _dDLC |
||
| 050 | 0 | 0 |
_aBS647.2 _b.S6 |
| 082 | 0 | 0 |
_a220.15 _bSMI |
| 100 | 1 |
_aSmith, Wilbur M. _q(Wilbur Moorehead), _d1894-1976. _95069 |
|
| 245 | 1 | 0 |
_aIsraeli/Arab conflict, and the Bible, _cby Wilbur M. Smith. |
| 260 |
_aGlendale, Calif., _bRegal Books _c[1967] |
||
| 300 |
_a162 p. _billus., maps, ports. _c18 cm. |
||
| 504 | _a"Notes and bibliographies": p. [143]-162. | ||
| 630 | 0 | 0 |
_aBible _xProphecies. _9457 |
| 906 |
_a7 _bcbc _corignew _du _eocip _f19 _gy-gencatlg |
||
| 942 |
_2ddc _cBK |
||